Thực tập nghiên cứu thiên nhiên : (Giáo trình dành cho các trường CĐSP)
Nội dung gồm các kiến thức liên quan đến sinh thái và môi trường, đặc biệt chú ý đến cảnh quan thiên nhiên chủ yếu của nước ta.
Đã lưu trong:
| 主要作者: | |
|---|---|
| 格式: | 图书 |
| 语言: | Undetermined |
| 出版: |
Hà Nội
Giáo Dục
1998
|
| 主题: | |
| 标签: |
添加标签
没有标签, 成为第一个标记此记录!
|
| Thư viện lưu trữ: | Trung tâm Học liệu Trường Đại học Cần Thơ |
|---|
| LEADER | 00916nam a2200241Ia 4500 | ||
|---|---|---|---|
| 001 | CTU_29784 | ||
| 008 | 210402s9999 xx 000 0 und d | ||
| 020 | |b 13.000đ | ||
| 082 | |a 508 | ||
| 082 | |b Kh106 | ||
| 100 | |a Nguyễn, Văn Khang | ||
| 245 | 0 | |a Thực tập nghiên cứu thiên nhiên : | |
| 245 | 0 | |b (Giáo trình dành cho các trường CĐSP) | |
| 245 | 0 | |c Nguyễn Văn Khang | |
| 260 | |a Hà Nội | ||
| 260 | |b Giáo Dục | ||
| 260 | |c 1998 | ||
| 520 | |a Nội dung gồm các kiến thức liên quan đến sinh thái và môi trường, đặc biệt chú ý đến cảnh quan thiên nhiên chủ yếu của nước ta. | ||
| 526 | |a Thực tập giáo trình Sinh học | ||
| 526 | |b SG460 | ||
| 650 | |a Natural history,Science | ||
| 904 | |i Minh, Q. Hieu | ||
| 980 | |a Trung tâm Học liệu Trường Đại học Cần Thơ | ||